Statistics for Every Herman's Hermits song that hit the Billboard hot 100

Click here to take the quiz!

General Stats

  • This quiz has been taken 7 times
  • The average score is 8 of 19

Answer Stats

Peak Chart PositionYearSong% Correct
11965Mrs. Brown You've Got A Lovely Daughter
83%
351967No Milk Today
83%
31966Listen People
67%
41967There's A Kind Of Hush
67%
51965Silhouettes
67%
11965I'm Henry VIII, I Am
67%
91966Leaning On The Lamp Post
50%
131964I'm Into Something Good
50%
271966East West
33%
181967Don't Go Out Into The Rain (You're Going To Melt)
33%
71966A Must To Avoid
33%
71965Just A Little Bit Better
33%
41965Wonderful World
33%
21965Can't You Hear My Heartbeat
33%
121966This Door Swings Both Ways
17%
51966Dandy
17%
391967Museum
17%
611968Sleepy Joe
17%
221968I Can Take Or Leave Your Loving
0%

Score Distribution

Percentile by Number Answered

Percent of People with Each Score

Your Score History

You have not taken this quiz